000 00225 a2200109 4500
001 122018
040 _cEscola Canadense de Niteroi
090 _aF3
100 _aFurtado, Maria
245 1 0 _aA Fábrica Mágica
942 _cBK
999 _c122018
_d122018